Serie A 2012-13 Top Scorers - Statistics

General Stats
  • This quiz has been taken 28 times
  • The average score is 15 of 27
Answer Stats
Ranking Goals Scored Nationality Club Name % Correct
1 29 Napoli Edinson Cavani
96%
15 Lazio Miroslav Klose
92%
2 23 Udinese Antonio Di Natale
88%
6 12 Roma Francesco Totti
84%
7 11 Napoli Marek Hamsik
80%
13 Fiorentina Stevan Jovetic
80%
8 10 Juventus Arturo Vidal
76%
10 Juventus Mirko Vucinic
72%
12 Inter Rodrigo Palacio
72%
10 Palermo Josip Ilicic
64%
11 Chievo Cyril Théréau
60%
4 15 Atalanta Germán Denis
60%
16 Roma Daniel Osvaldo
56%
11 Udinese Luis Muriel
56%
10 Sampdoria Mauro Icardi
56%
3 16 Milan Stephan El Shaarawy
52%
12 Milan Mario Balotelli
48%
15 Milan Giampaolo Pazzini
44%
13 Bologna Alberto Gilardino
40%
5 13 Catania Gonzalo Bergessio
40%
12 Genoa Marco Borriello
40%
15 Roma Erik Lamela
32%
11 Lazio Hernanes
32%
11 Fiorentina Adem Ljajic
24%
10 Parma Amauri
20%
12 Cagliari Marco Sau
20%
11 Torino Rolando Bianchi
16%
No matching quizzes found
Score Distribution
Percent of People with Each Score
Percentile by Number Answered
Your Score History
You have not taken this quiz